| 000 | 00706nam a22002177a 4500 | ||
|---|---|---|---|
| 005 | 20151007114120.0 | ||
| 008 | 151007b ag ||||| |||| 00| 0 spa d | ||
| 020 | _a9505811985 | ||
| 050 | 0 | 4 |
_aPN4733 _bC66 [2001] |
| 245 | 0 | 0 |
_aContra la prensa : _bantología de diatribas y apostillas / _ccompilación y prólogo Esteban Rodríguez |
| 250 | _a1a ed. | ||
| 260 |
_aBuenos Aires, Argentina : _bEdiciones Colihue, _c[2001] |
||
| 300 |
_a328 p. ; _c22 cm. |
||
| 490 | 0 | _aPuñaladas | |
| 490 | 1 | _aSerie Mayor | |
| 504 | _aIncluye apéndice e índice | ||
| 650 | 7 |
_2LEMB _aPrensa |
|
| 650 | 7 |
_2LEMB _aPeriodísmo _xPrácticas corruptas |
|
| 700 | 1 |
_aRodríguez Esteban, _ecomp. y prol. |
|
| 942 |
_2lcc _cLIB |
||
| 999 |
_c102911 _d102911 |
||